| 000 | 00646nam a22001937a 4500 | ||
|---|---|---|---|
| 999 |
_c17376 _d17376 |
||
| 003 | AR-CdUCM | ||
| 008 | 190508b ||||| |||| 00| 0 spa d | ||
| 040 |
_aMUNICIPALIDAD PROVINCIAL DEL CUSCO _cBIBLIOTECA MUNICIPAL DEL CUSCO |
||
| 082 |
_a987 / _bOR71 |
||
| 100 |
_aOropesa, Juan. _937354 |
||
| 245 | _aBreve historia de Venezuela / | ||
| 260 |
_aMéxico : _bSecretaria de educación publica, _c1945. |
||
| 300 |
_a110 páginas ; _c21 cm. |
||
| 440 |
_aBiblioteca enciclopédica popular. _n42. _937355 |
||
| 505 | _aContenido :Breve historia de Venezuela ... | ||
| 650 |
_aVenezuela. _92312 |
||
| 942 |
_2ddc _cLIBROS |
||
| 945 |
_arum _d2019-05-08 |
||